书目信息 |
| 题名: |
公路水运工程试验检测专业技术人员
|
|
| 作者: | 刘鹏 , 杨扬 主编 ;交通运输部 编 | |
| 分册: | ||
| 出版信息: | 北京 北京交通大学出版社 2018.12 |
|
| 页数: | 198页 | |
| 开本: | 24cm | |
| 丛书名: | 交通运输职业系列丛书 | |
| 单 册: | ||
| 中图分类: | U41 , U61 | |
| 科图分类: | ||
| 主题词: | 道路工程--dao lu gong cheng--试验--技术培训--教材 , 道路工程--dao lu gong cheng--检测--技术培训--教材 , 航道工程--hang dao gong cheng--试验--技术培训--教材 , 航道工程--hang dao gong cheng--检测--技术培训--教材 | |
| 电子资源: | ||
| ISBN: | 978-7-5121-3784-4 | |
| 000 | 01561nam 2200373 450 | |
| 001 | 202019134098 | |
| 005 | 20191002113833.0 | |
| 010 | @a978-7-5121-3784-4@dCNY58.00 | |
| 100 | @a20190928d2018 em y0chiy50 ea | |
| 101 | 0 | @achi |
| 102 | @aCN@b110000 | |
| 105 | @aak a 000yy | |
| 106 | @ar | |
| 200 | 1 | @a公路水运工程试验检测专业技术人员@Agong lu shui yun gong cheng shi yan jian ce zhuan ye ji shu ren yuan@f交通运输部职业资格中心编 |
| 210 | @a北京@c北京交通大学出版社@d2018.12 | |
| 215 | @a198页@c图@d24cm | |
| 225 | 2 | @a交通运输职业系列丛书@Ajiao tong yun shu zhi ye xi lie cong shu |
| 312 | @a英文题名取自封面 | |
| 314 | @a书内题: 刘鹏, 杨扬主编 | |
| 320 | @a有书目 (第197-198页) | |
| 330 | @a本书聚焦试验检测人员, 介绍了这一职业的发展历程、职业价值和工作职责 ; 结合试验检测人员职业研究相关成果, 展现了试验检测人员职业能力、职业知识、职业技能、职业工具技术及职业环境等内容。 | |
| 410 | 0 | @12001 @a交通运输职业系列丛书 |
| 510 | 1 | @aHighway and waterway testing & inspection professionals@zeng |
| 606 | 0 | @a道路工程@Adao lu gong cheng@x试验@x技术培训@j教材 |
| 606 | 0 | @a道路工程@Adao lu gong cheng@x检测@x技术培训@j教材 |
| 606 | 0 | @a航道工程@Ahang dao gong cheng@x试验@x技术培训@j教材 |
| 606 | 0 | @a航道工程@Ahang dao gong cheng@x检测@x技术培训@j教材 |
| 690 | @aU41@v5 | |
| 690 | @aU61@v5 | |
| 701 | 0 | @a刘鹏@Aliu peng@4主编 |
| 701 | 0 | @a杨扬@Ayang yang@4主编 |
| 712 | 02 | @a交通运输部@Ajiao tong yun shu bu@b职业资格中心@Bzhi ye zi ge zhong xin@4编 |
| 801 | 0 | @aCN@c20190905 |
| 905 | @a河南城建学院图书馆@dU41@eL652 | |
| 公路水运工程试验检测专业技术人员/交通运输部职业资格中心编.-北京:北京交通大学出版社,2018.12 |
| 198页:图;24cm.-(交通运输职业系列丛书) |
| ISBN 978-7-5121-3784-4:CNY58.00 |
| 本书聚焦试验检测人员, 介绍了这一职业的发展历程、职业价值和工作职责 ; 结合试验检测人员职业研究相关成果, 展现了试验检测人员职业能力、职业知识、职业技能、职业工具技术及职业环境等内容。 |
| ● |
| 相关链接 |
|
|
|
正题名:公路水运工程试验检测专业技术人员
索取号:U41/L652
 
预约/预借
| 序号 | 登录号 | 条形码 | 馆藏地/架位号 | 状态 | 备注 |
| 1 | 1441827 | 214418272 | 自科库501/501自科库 50排6列2层/ [索取号:U41/L652] | 在馆 | |
| 2 | 1441828 | 214418281 | 自科库501/501自科库 50排6列2层/ [索取号:U41/L652] | 在馆 |